000
00253nam a22001217a 4500
008
180220b xxu||||| |||| 00| 0 eng d
041
_a
eng
080
_a
030
100
_a
23
101
_a
enc
245
_a
new encyclopedia
_c
funl.w
942
_2
udc
_c
BK
999
_c
42909
_d
42909